000 00764nam a2200265Ia 4500
003 OSt
005 20220926004915.0
006 a|||||r|||| 00| 0
007 ta
008 220923b |||||||| |||| 00| 0 eng d
020 _a9789352805037
037 _cGeneral Book
040 _aRTL
_cRTL
_beng
041 _2eng
_aeng
082 _aY15f.2, Q8/RR
100 _aKUMAR Radha
_926273
245 0 _aGender atlas of India
_b With scorecard
260 _a New Delhi
_bSage
_c2018
300 _aviii,610p
_ccm.
500 _aGlossary: p G1-G8
700 _a KORFF Marcel
_9309455
700 _a SUDHIR Karthika
_9309456
942 _hY15f.2, Q8/RR
_cGB
_2CC
999 _c612545
_d612545